000 00319nam a2200133Ia 4500
100 _aEliasmith/Chris/ Anderson/Charles H
942 _cBK
654 _aneural engg
245 _aNeural Engineering:Computation
260 _bPrentice Hall of India
_c2003
082 _a610.28
_bELI
300 _a356
546 _aENGLISH
999 _c30751
_d30751